| 000 | 00699cam a2200265 4500 | ||
|---|---|---|---|
| 001 | J1998 | ||
| 008 | 090401t1994 xxu||||| |||| 00| 0 eng d | ||
| 035 | _a(Sirsi) u46686 | ||
| 041 | _aeng | ||
| 050 | _a333.3370942733 | ||
| 110 |
_aDunlop Heywood _92379 |
||
| 245 | _aGreater Manchester annual property report 1993. | ||
| 260 |
_aManchester _bDunlop Heywood _c1994 |
||
| 300 | _a15p, : ill. ; 21x30cm. | ||
| 350 | _a0 | ||
| 650 | _aPROPERTY-COMMERCIAL PROPERTY | ||
| 650 | _aGREATER MANCHESTER | ||
| 650 | _aINDUSTRIAL PROPERTY | ||
| 650 | _aOFFICES | ||
| 650 | _aPROPERTY MARKET | ||
| 650 | _aSHOPS | ||
| 690 | _aPROPERTY-COMMERCIAL PROPERTY | ||
| 942 | _n0 | ||
| 948 | _c04/03/1997 | ||
| 999 |
_c91974 _d91974 |
||